Las fuentes primarias de la fe en Dios

Guardat en:
Dades bibliogràfiques
Autor principal: Schmucker, Josef (Autor)
Format: Llibre
Idioma:espanyol
Publicat: Barcelona Herder 1971
Col·lecció:Quaestiones Disputatae, 8
Matèries:
Etiquetes: Afegir etiqueta
Sense etiquetes, Sigues el primer a etiquetar aquest registre!

MARC

LEADER 00000nam a2200000 a 4500
001 UCL3784
003 CL-VaPUC
008 031212e19710000SP |||||||||||||||||spa|d
082 0 4 |a 212.1  |b SCH  |2 21 
100 0 |a Schmucker, Josef  |e author  |9 481187 
245 1 4 |a Las fuentes primarias de la fe en Dios 
300 |a 260 p 
942 |c BK 
945 |d 20031212 00:00:00  |a vberengu 
260 |a Barcelona  |b Herder  |c 1971 
650 0 |a Existencia de Dios   |9 266954 
650 0 |a Fe  |9 308036 
650 0 |a Razón   |9 314475 
583 |a last modification  |c 20031212 00:00:00  |k Rodrigo Vera 
490 0 |a Quaestiones Disputatae, 8 
999 |c 306791  |d 306789 
952 |0 0  |1 2  |4 0  |6 212_100000000000000_SCH_1971  |7 0  |8 A  |9 372072  |a BIBTEO  |b BIBTEO  |d 2019-11-21  |i 2097494  |o 212.1 SCH 1971  |p 2097494  |r 2019-11-21  |w 2019-11-21  |x Descarte 2019  |y BK  |k ICR